00334nam a2200121Ia 45000030006000000080041000060400015000471000065000622450022001272600034001495460012001830050017001950STCL150530s9999 xx 000 0 und d aSTCLcSTCL aCommittee of the Geneva Institute of International Relations aProblems of peace bOxford University pressc1927 aEnglish20220125165525.0